000
00297nam a2200109Ia 4500
008
171211s9999 xx 000 0 und d
245
_a
Drafting for the Theatre, 2 edition
245
_c
Rudolf Arnheim
260
_c
2012
650
_x
Design
856
_u
http://down.ebook777.com/061/0809330377.pdf
999
_c
347940
_d
347940